00850nam a2200181 4500001000700000003000900007005001700016007000300033008004100036100005200077245026700129260003600396300002700432700005000459852002000509999001900529952012000548133210ES-MaACL20250824063042.0t|070214s1917 sp r ||||1| spa d1 aRubió y Bellvé, Mariano,d1862-1938910045310aFilosofía de la guerra b: juicios, observaciones y comentarios relativos a la gran lucha de las naciones / cM. Rubió y Bellvé ; prólogo de Miguel S. Oliver. n, . I, pArtículos publicados en La Vanguardia de Barcelona durante los años 1915 y 1916. aBarcelona : bMinerva, c[1917] a433 p. ; c18 x 12 cm.1 aOliver, Miquel dels Sants, d1864-1920986825 aES-MaACLjF-607 c133210d133210 00104070aATENEOMbATENEOMcDEPO2d2008-01-17eSCl0oF-607p1138676r2023-02-23 00:00:00w2023-02-23yMONOGRAFIA